Obálka Náhled e-knihy:
PDF Epub
Pro půjčování e-knih musíte být přihlášeni.
Jak si půjčit online?

Barabizna /

Dobrodružný příběh v tradici Rychlých šípů, avšak v současnosti a s bobříky na síti.

Uloženo v:
Série:Rychlé šípy na stopě, část 2
Hlavní autor: Hlavinková, Lucie, 1974- (Autor)
Další autoři: Zatloukal, Filip, 1995- (Autor)
Médium: E-kniha
Jazyk:Czech
Vydáno: V Praze : Albatros, 2025
Vydání:1. vydání
Edice:Rychlé šípy na stopě
Témata:
Příbuzné jednotky:Z cyklu:: Rychlé šípy na stopě
Tagy:
Žádné tagy
LEADER 02618nam a2200541 i 4500
001 312725
003 CZ PrSKC
005 20260601215727.0
007 ta
008 250521s2025 xr a c 000 j cze
015 |a cnb003685544 
020 |a 9788000077215  |q (vázáno) :  |c Kč 329,00 
035 |a (OCoLC)1527578176 
040 |a ABG001  |b cze  |e rda 
072 7 |a 821.162.3-3  |x Česká próza  |2 Konspekt 
072 7 |a 821-93  |x Literatura pro děti a mládež (beletrie)  |2 Konspekt 
080 |a 821.162.3-32  |2 MRF 
080 |a 821-93  |2 MRF 
080 |a (0:82-322.4)  |2 MRF 
080 |a (0:82-321.3)  |2 MRF 
100 1 |a Hlavinková, Lucie,  |d 1974-  |7 xx0212699  |4 aut 
245 1 0 |a Barabizna /  |c Lucie Hlavinková ; ilustroval Filip Zatloukal 
250 |a 1. vydání 
264 1 |a V Praze :  |b Albatros,  |c 2025 
300 |a 120 stran :  |b barevné ilustrace ;  |c 23 cm 
336 |a text  |b txt  |2 rdacontent 
337 |a bez média  |b n  |2 rdamedia 
338 |a svazek  |b nc  |2 rdacarrier 
490 1 |a Rychlé šípy na stopě 
520 2 |a Dobrodružný příběh v tradici Rychlých šípů, avšak v současnosti a s bobříky na síti.  |b Mates a jeho kamarádi mají vlastní youtubový kanál, ale moc lidí jejich videa nesleduje. Pak ale dostanou skvělý nápad - budou se natáčet, jak plní skautské bobříky! To, co zprvu vypadá jako velká legrace, se ale brzy změní v noční můru. Jaká tajemství ukrývá rozpadlý starý dům za městem? Nakladatelská anotace. 
521 8 |a Pro čtenáře od 9 let 
655 7 |a české příběhy  |7 fd133973  |2 czenas 
655 7 |a detektivní příběhy  |7 fd132009  |2 czenas 
655 7 |a dobrodružné příběhy  |7 fd132060  |2 czenas 
655 7 |a publikace pro děti  |7 fd133156  |2 czenas 
655 9 |a Czech stories  |2 eczenas 
655 9 |a detective stories  |2 eczenas 
655 9 |a adventure stories  |2 eczenas 
655 9 |a children's literature  |2 eczenas 
700 1 |a Zatloukal, Filip,  |d 1995-  |7 xx0224459  |4 ill 
787 0 8 |i Z cyklu:  |t Rychlé šípy na stopě  |g 2 
830 0 |a Rychlé šípy na stopě 
900 |a ABA001  |b 20 
928 9 |a Albatros Media - Albatros 
044 |a xr 
910 |a RBIT002 
998 |d 420359  |a https://core.palmknihy.cz/api/books/420359/cover?sw90oh  |b https://core.palmknihy.cz/api/books/420359/cover/400?sw90oh  |c https://core.palmknihy.cz/api/books/420359/cover/50?sw90oh  |e 2032-12-31  |g 208  |i 9788000077215  |j https://core.palmknihy.cz/api/books/420359/preview.epub  |k https://core.palmknihy.cz/api/books/420359/preview.pdf  |l   |q 49  |r 1  |s https://www.palmknihy.cz/kniha/420359  |t ebook  |y 2025  |z 0  |v Rychlé šípy na stopě  |w 2 
999 |d 312723